Schmalenbachs Zeitschrift für Betriebswirtschaftliche Forschung

Na minha lista:
Detalhes bibliográficos
Formato: Periódico
Idioma:alemão
Publicado em: Opladen Westdeutscher Verlag 1975
Tags: Adicionar Tag
Sem tags, seja o primeiro a adicionar uma tag!

MARC

LEADER 00000nas2a2200000 4500
001 0019408
005 20250730114403.5
041 0 |a ger 
044 |a DE 
245 1 0 |a Schmalenbachs Zeitschrift für Betriebswirtschaftliche Forschung 
264 1 |a Opladen  |b Westdeutscher Verlag  |c 1975 
300 |a 2 zv. 
773 0 |w eu_un_cat*s122717